000 00665cam a22002411 4500
001 sa 65009701
003 DLC
005 20260227112204.0
008 920131s1965 ii d 000 0 hino
010 _asa 65009701
035 _a(OCoLC)25198838
040 _aDLC
_cWaU
_dDLC
041 0 _ahinmar
042 _apremarc
050 0 0 _aPK2373
_b.B7
245 0 0 _aBr̥hat Hindī-Marāṭhī śabdakośa.
260 _c[1965]
300 _a6, 678 p.
_c26 cm.
500 _aHindi and Marathi; introductory matter in Marathi.
650 0 _aHindi language
_xDictionaries
_xMarathi.
700 1 _aNene, Gopal Parashuram,
_d1913-
700 1 _aJoshi, Shripad,
_d1920-
999 _c66366
_d66366